Art and electronic media / (Record no. 353004)

000 -LEADER
fixed length control field 01591 a2200325 4500
003 - CONTROL NUMBER IDENTIFIER
control field OSt
005 - DATE AND TIME OF LATEST TRANSACTION
control field 20180116192353.0
008 - FIXED-LENGTH DATA ELEMENTS--GENERAL INFORMATION
fixed length control field 120601t xxu||||| |||| 00| 0 eng d
010 ## - LIBRARY OF CONGRESS CONTROL NUMBER
LC control number 2010282808
020 ## - INTERNATIONAL STANDARD BOOK NUMBER
International Standard Book Number 9780714847825
020 ## - INTERNATIONAL STANDARD BOOK NUMBER
International Standard Book Number 0714847828
035 ## - SYSTEM CONTROL NUMBER
System control number (OCoLC)ocn148703571
040 ## - CATALOGING SOURCE
Transcribing agency 0
082 04 - DEWEY DECIMAL CLASSIFICATION NUMBER
Classification number 700.105
245 00 - TITLE STATEMENT
Title Art and electronic media /
Statement of responsibility, etc. edited by Edward A. Shanken.
260 ## - PUBLICATION, DISTRIBUTION, ETC.
Place of publication, distribution, etc. London ;
-- New York :
Name of publisher, distributor, etc. Phaidon Press,
Date of publication, distribution, etc. 2009.
300 ## - PHYSICAL DESCRIPTION
Extent 304 p. :
Other physical details ill. (chiefly col.), music ;
Dimensions 30 cm.
490 0# - SERIES STATEMENT
Series statement Themes and movements
505 0# - FORMATTED CONTENTS NOTE
Formatted contents note Survey / Edward A. Shanken -- pt. 1. Works. -- Motion, duration, illumination -- Coded form and electronic production -- Charged environments -- Networks, surveillance, culture jamming -- Bodies, surrogates, emergent systems -- Simulations and simulacra -- Exhibitions, institutions, communities, collaborations -- pt. 2. Documents. -- Motion, duration, illumination -- Coded form and electronic production -- Charged environments -- Networks, surveillance, culture jamming -- Bodies, surrogates, emergent systems -- Simulations and simulacra -- Exhibitions, institutions, communities, collaborations.
650 10 - SUBJECT ADDED ENTRY--TOPICAL TERM
Topical term or geographic name entry element Digital art.
9 (RLIN) 3653
650 10 - SUBJECT ADDED ENTRY--TOPICAL TERM
Topical term or geographic name entry element Art and technology.
9 (RLIN) 3654
650 10 - SUBJECT ADDED ENTRY--TOPICAL TERM
Topical term or geographic name entry element Digital media.
9 (RLIN) 3655
650 10 - SUBJECT ADDED ENTRY--TOPICAL TERM
Topical term or geographic name entry element Kunst
9 (RLIN) 3656
650 10 - SUBJECT ADDED ENTRY--TOPICAL TERM
Topical term or geographic name entry element Elektronische Medien
9 (RLIN) 3657
650 10 - SUBJECT ADDED ENTRY--TOPICAL TERM
Topical term or geographic name entry element Medienkunst
9 (RLIN) 3658
650 10 - SUBJECT ADDED ENTRY--TOPICAL TERM
Topical term or geographic name entry element Netzkunst
9 (RLIN) 3659
700 1# - ADDED ENTRY--PERSONAL NAME
Personal name Shanken, Edward A.,
Dates associated with a name 1964-
9 (RLIN) 3660
942 ## - ADDED ENTRY ELEMENTS (KOHA)
Institution code [OBSOLETE] SADA
Koha item type Book
Call number prefix 700.105 ART 2009
Source of classification or shelving scheme
Holdings
Withdrawn status Lost status Source of classification or shelving scheme Damaged status Not for loan Permanent Location Current Location Date acquired Total Checkouts Total Renewals Full call number Barcode Date last seen Date last checked out Cost, replacement price Price effective from Koha item type
          School of Art Design and Architecture (SADA) School of Art Design and Architecture (SADA) 05/20/2011 5 4 700.105 ART 2009 SADA0001054 11/11/2015 10/07/2015 4918.00 08/05/2011 Book
© 2023 Central Library, National University of Sciences and Technology. All Rights Reserved.